Psicología y lógica tomo 1

Bibliographic Details
Main Author: Tissot, M. J.
Format: Book
Language:Spanish
Series:Curso completo de filosofía para la enseñanza de ampliación
Subjects:

MARC

LEADER 00000cam a2200000 a 4500
001 224
005 20230308160113.0
008 000000|1846 ||||||||r|||||||||||spa||
040 |b spa 
041 1 |a spa 
082 0 |a 107 
100 1 |a Tissot, M. J.  |9 16166 
245 |a Psicología y lógica  |c M.J. Tissot, traducción de Isaac Nuñez de Arenas  |h imp  |n tomo 1 
264 |a Madrid  |b Establecimiento Tipográfico de D.F. páginas: Mellado  |c 1846 
300 |a 365 páginas:  |c 16.5 cm 
490 |a Curso completo de filosofía para la enseñanza de ampliación 
650 0 |a Filosofía ecuatoriana  |9 15970 
650 4 |a Lógica  |9 241 
852 |a UC-CDJBV  |c COLONIALES  |f Compra  |k margarita.gutierrez  |l 1  |m Limitada  |p 00000000  |q 50.00  |t 224  |y 62664  |b 1  |d CDRC  |e CDRC  |g 107 COLONIALES  |z 0000-00-00 
856 |a http://sibuc.ucuenca.edu.ec/portada/224-cdj.jpg 
942 |c BK 
999 |c 9045  |d 9045